Guess my own flag proposals #1 - Statistics

General Stats
  • This quiz has been taken 47 times
  • The average score is 8 of 16
Answer Stats
Picture Answer % Correct
Cyprus
87%
Nepal
87%
Belarus
77%
Greenland
73%
Afghanistan
63%
Tuvalu
60%
Latvia
50%
Slovenia
50%
Switzerland
50%
Andorra
37%
Monaco
37%
Albania
27%
Kosovo
27%
San Marino
23%
Serbia
23%
Montenegro
17%
No matching quizzes found
Score Distribution
Percent of People with Each Score
Percentile by Number Answered
Your Score History
You have not taken this quiz